Шикарне життя у Вупперталі (Запис № 571450)

МАРК-запис
000 -Лідер
fixed length control field 02314 a2200241 4500
003 - Ідентифікатор контрольного номера
control field UA-OsUOA
005 - Дата та час останнього входження (трансакції)
control field 20210916162144.0
008 - Елементи даних фіксованої довжини – загальна інформація
fixed length control field 210916b un ||||| |||| 00| 0 ukr d
020 ## - Міжнародний стандартний книжковий номер (ISBN)
Міжнародний стандартний книжковий номер (ISBN) (НП) 9786177489633
040 ## - Джерело каталогізації
Агенція оригінальної каталогізації UA-OsUOA
Мова каталогізації ukr
Агенція, яка здійснювала перезапис UA-OsUOA
Агенція, яка здійснювала модифікацію UA-OsUOA
041 ## - Код мови
Код мови тексту/ звукової доріжки чи окремого заголовка (П) ukr
080 ## - Індекс Універсальної десяткової класифікації
Індекс Універсальної десяткової класифікації (УДК) (НП) 821.161.2
090 ## - Локальний шифр розміщення
Класифікаційний індекс УДК 821.161.2
Авторський знак (НП) Д64
100 ## - Основне введення – ім’я особи
Ім’я особи (НП) Доляк Н.
245 ## - Відомості про назву
Назва (НП) Шикарне життя у Вупперталі
Решта назви (НП) роман-детектив
Дані про відповідальність (НП) Наталка Доляк
260 ## - Публікація, розповсюдження і т.п. (Вихідні дані)
Місце публікації, розповсюдження і т.п. (П) К.
Ім’я/ наймення видавництва, розповсюджувача і т.п. (П) КМ-БУКС
Дата публікації, розповсюдження і т.п. (П) 2017
300 ## - Фізичний опис
Обсяг 368 с.
520 ## - Резюме і т.п.
Резюме, реферат, анотація, тощо (НП) Молода українка Зоя їде до Німеччини по програмі о-пер (працевлаштування студентів в європейських сім’ях на термін до року). Родина, яка прийняла дівчину, — аристократи з міста Вупперталь. Для Зої таке шикарне життя — це щось не з реальності, а з фільмів. Оселя, де вона тепер житиме, нагадує невеличкий палац. Але… Не все так ідеально і просто… За першим несподіваним і нерозгаданим убивством хазяйки дому тягнеться ціла вервечка загадкових і незрозумілих душогубств. Над самою Зоєю та її вихованцем Куртом також нависає убивча небезпека, але все обертається врешті-решт на добре. І всю кримінальну інтригу розкриває не доблесна вуппертальська поліція, а проста студентка з України Зоя Кирпач. Іронічна подача тексту робить його доволі легким, не зважаючи на те, що кілька людей стали жертвами безжалісного маніяка.<br/><br/>
650 ## - Додаткове предметне введення – тематичний термін
Джерело заголовка чи терміна UDC
Тематичний термін чи географічна назва, як елемент введення (НП) 82 Література. Літературознавство
942 ## - Додаткові елементи входу (Коха)
Тип елемента Koha Книги
Source of classification or shelving scheme Universal Decimal Classification
955 ## - Код типу видання за змістом
Код типу видання за змістом (НП) Літературно-художні видання
Фонди
Стан вилучень Стан втрат Джерело класифікації або схеми стелажів Стан уражень Не для кредиту Код колекції Постійне місце розташування Поточне розміщення Дата придбання Джерело придбання Вартість, звичайна ціна покупки Усього замовленно Повний номер виклику Штрих-код Дата останнього перегляду Вартість, ціна заміни Ціна ефективна від Тип елемента Koha
    Universal Decimal Classification     Колекція Жулинського М.Г. ЧЗ - Читальна зала ЧЗ - Читальна зала 16/09/2021 №24/07.09.2021 25.00   821.161.2 Д64 163917 06/02/2022 25.00 16/09/2021 Книги